000 00888nam a2200241 i 4500
001 175805
003 ES-MaACL
005 20240120062954.0
008 101122s1999 sp |||| | spa d
020 _a84-87422-50-0
080 _a821.134.2-2"19"
100 1 _aRuiz de Torres, Juan,
_d1931-2014
_9155342
245 1 0 _aCasa del tiempo
_b: poema dramático de la Era que viene en 13 escenas /
_cJuan Ruiz de Torres ; (con aportes testimoniales de los poetas Juan Calderón, Carmina Casala ... [et al.]).
250 _a1ª ed.
260 _aViñanueva de la Cañada (Madrid) :
_bAltorrey,
_c1999.
300 _a79 p. ;
_c21 cm.
490 1 _aEl Foro de la Encina ;
_v4
700 1 _aCalderón Matador, Juan.
_933622
700 1 _aCasala, Carmina.
_936061
830 0 _aEl Foro de la Encina ;
_v4
_9233537
852 _aES-MaACL
_j2266-F-7
999 _c175805
_d175805